Labour, employment and economic growth in India / (Record no. 101932)

MARC details
000 -LEADER
fixed length control field 00584nam a22001817a 4500
005 - DATE AND TIME OF LATEST TRANSACTION
control field 20181204114922.0
010 ## - LCCN (DPL NO)
LC control number ENG-115666
020 ## - INTERNATIONAL STANDARD BOOK NUMBER
International Standard Book Number 9781107096806
Terms of availability 895.00
035 ## - SYSTEM CONTROL NUMBER
System control number EN-99198
037 ## - SOURCE OF ACQUISITION
Source of stock number/acquisition DBAD/PUB
082 ## - DEWEY DECIMAL CLASSIFICATION NUMBER
Classification number 331.10954
245 ## - TITLE STATEMENT
Title Labour, employment and economic growth in India /
Statement of responsibility, etc edited by K.V. Ramaswamy
260 ## - PUBLICATION, DISTRIBUTION, ETC. (IMPRINT)
Place of publication, distribution, etc New Delhi
Name of publisher, distributor, etc Cambridge University Press
Date of publication, distribution, etc 2015
270 ## - ADDRESS
Address 4843/24,2nd Floor,Ansari Road,Daryaganj
City New Delhi
Postal code 110002
300 ## - PHYSICAL DESCRIPTION
Extent xviii,323p.
Dimensions 24cm(Hb)
700 ## - ADDED ENTRY--PERSONAL NAME
Personal name Ramaswamy,K.V.
942 ## - ADDED ENTRY ELEMENTS (KOHA)
Source of classification or shelving scheme Dewey Decimal Classification
Item type English Books
Classification part 331.10954
Call number suffix LAB
Holdings
Withdrawn status Lost status Not for loan Collection code Home library Current library Date acquired Source of acquisition Cost, normal purchase price Full call number Barcode Copy number Cost, replacement price Koha item type
    Not For Loan Non-fiction D.B.Act.Division Bawana 08/08/2016 DBAD/PUB 895.00 331.10954 LAB EN-99198 1 895.00 English Books

© Delhi Public Library
Hit Counter
free hit counter